Dreams from Bunker Hill /

Bibliographic Details
Main Author: Fante, John, 1909-1983
Format: Book
Language:English
Published: Santa Barbara : Black Sparrow Press, 1982.

MARC

Tag First Indicator Second Indicator Subfields
LEADER 00000pam a2200000 a 4500
001 in00000083000
005 20151008055534.0
008 810922s1982 cauc 00011 eng
010 |a  81015533  
020 |a 087685529X 
020 |a 0876855281 (pbk.) 
020 |a 0876855303 (signed cloth ed.) 
035 |a (OCoLC)07837827 
035 |9 AAJ3734AM 
039 0 |a 2  |b 3  |c 3  |d 3  |e 3 
040 |a DLC  |c DLC  |d TXA  |d UtOrBLW 
049 |a TXAM  |c [1804512] 
050 0 0 |a PS3511.A594  |b D7 
082 0 |a 813/.52  |2 19 
100 1 |a Fante, John,  |d 1909-1983. 
245 1 0 |a Dreams from Bunker Hill /  |c John Fante. 
264 1 |a Santa Barbara :  |b Black Sparrow Press,  |c 1982. 
300 |a 146 pages :  |b portrait ;  |c 23 cm. 
336 |a text  |b txt  |2 rdacontent 
337 |a unmediated  |b n  |2 rdamedia 
338 |a volume  |b nc  |2 rdacarrier 
999 |a MARS 
999 f f |s ff8ac430-f1fc-3ca5-9672-11120397c653  |i 77e2caa4-2e49-38dc-a85b-8f77d37f3f6d  |t 0 
952 f f |p normal  |a Texas A&M University  |b College Station  |c Sterling C. Evans Library  |d Evans: Library Stacks  |t 0  |e PS3511.A594 D7  |h Library of Congress classification  |i unmediated -- volume  |m A14806190541 
998 f f |a PS3511.A594 D7  |t 0  |l Evans: Library Stacks